| 000 | 00804cam a2200241 4500 | ||
|---|---|---|---|
| 001 | WB3706-23 | ||
| 008 | 000000n2001 000 0 eng u | ||
| 035 | _a(Sirsi) u110759 | ||
| 245 | _aTreasury investigates planning restrictions | ||
| 260 | _c2001 | ||
| 490 |
_aFinancial Times _v 3 February 2001, 5(1) |
||
| 520 | _aAn inquiry has been started by the treasury into planning policy and its role in promoting or inhibiting growth. The inquiry was initiated by the CBI. | ||
| 590 | _aWB | ||
| 650 | _aHM TREASURY | ||
| 650 | _aCONFEDERATION OF BRITISH INDUSTRY | ||
| 650 | _aPLANNING POLICY | ||
| 650 | _aDETR | ||
| 650 | _aPLANNING SYSTEM | ||
| 650 | _aECONOMIC ACTIVITY | ||
| 650 | _aCONSTRAINTS | ||
| 690 | _aENVIRONMENTAL AND LAND CONSULTANCY-PLANNING AND DEVELOPMENT | ||
| 942 | _n0 | ||
| 999 |
_c66021 _d66021 |
||